Umberto Eco Bibliography - Statistics

General Stats
  • This quiz has been taken 7 times
  • The average score is 3 of 48
Answer Stats
Type Year Name % Correct
Novel 1980 The Name of the Rose
67%
Novel 2015 Numero Zero
50%
Novel 2000 Baudolino
33%
Novel 1988 Foucault's Pendulum
33%
Non-Fiction Book 2004 History of Beauty
17%
Manual 2015 How to Write a Thesis
17%
Novel 1994 The Island of the Day Before
17%
Novel 2004 The Mysterious Flame of Queen Loana
17%
Novel 2010 The Prague Cemetery
17%
Non-Fiction Book 1964 Apocalypse Postponed
0%
Non-Fiction Book 1959 Art and Beauty in the Middle Ages
0%
Non-Fiction Book 1975 A Theory of Semiotics
0%
Non-Fiction Book 1996 Belief or Nonbelief?
0%
Non-Fiction Book 1977 Dalla Periferia Dell'Impero
0%
Non-Fiction Book 1986 De Bibliotheca
0%
Non-Fiction Book 2000 Experiences in Translation
0%
Non-Fiction Book 1973 Faith in Fakes: Travels in Hyperreality
0%
Non-Fiction Book 1997 Five Moral Pieces
0%
Non-Fiction Book 2007 From the Tree to the Labyrinth: Historical Studies on the Sign and Interpretation
0%
Essay Collection 1998 How to Travel with a Salmon & Other Essays
0%
Non-Fiction Book 1976 Il Superuomo de Massa
0%
Non-Fiction Book 1996 Incontro - Encounter - Recontre
0%
Non-Fiction Book 1992 Interpretation and Overinterpretation
0%
Non-Fiction Book 2011 Inventing the Enemy
0%
Non-Fiction Book 1997 Kant and the Platypus: Essays on Language and Cognition
0%
Non-Fiction Book 1979 Lector in Fabula
0%
Non-Fiction Book 1963 Misreadings
0%
Non-Fiction Book 2003 Mouse or Rat?: Translation as Negotiation
0%
Non-Fiction Book 2002 On Literature
0%
Non-Fiction Book 2007 On Ugliness
0%
Non-Fiction Book 1984 Semiotics and the Philosophy of Language
0%
Essay Collection 1998 Serendipities: Language and Lunacy
0%
Non-Fiction Book 1983 Sette Anni di Desiderio
0%
Non-Fiction Book 1994 Six Walks in the Fictional Woods
0%
Non-Fiction Book 1968 The Absent Structure
0%
Non-Fiction Book 1956 The Aesthetics of Thomas Aquinas
0%
Children's Book 1966 The Bomb and the General
0%
Non-Fiction Book 2013 The Book of Legendary Lands
0%
Children's Book 1992 The Gnomes of Gnu
0%
Non-Fiction Book 2009 The Infinity of Lists
0%
Non-Fiction Book 1990 The Limits of Interpretation
0%
Non-Fiction Book 1965 The Middle Ages of James Joyce, The Aesthetics of Chaosmos
0%
Non-Fiction Book 1962 The Open Work
0%
Non-Fiction Book 1963 The Picture History of Inventions
0%
Essay Collection 1979 The Role of the Reader: Explorations in the Semiotics of Texts
0%
Non-Fiction Book 1993 The Search for the Perfect Language
0%
Children's Book 1966 The Three Astronauts
0%
Non-Fiction Book 2006 Turning Back the Clock: Hot Wars and Media Populism
0%
No matching quizzes found
Score Distribution
Percent of People with Each Score
Percentile by Number Answered
Your Score History
You have not taken this quiz